An introduction to counselling and psychotherapy theory, research, and practice/
Guardat en:
| Autor principal: | |
|---|---|
| Format: | Llibre |
| Idioma: | anglès |
| Publicat: |
McGraw-Hill Education
2019
|
| Etiquetes: |
Afegir etiqueta
Sense etiquetes, Sigues el primer a etiquetar aquest registre!
|
MARC
| LEADER | 00000nam a22000007a 4500 | ||
|---|---|---|---|
| 008 | 210903b ||||| |||| 00| 0 eng d | ||
| 020 | |a 978-0-3352-4319-8 | ||
| 100 | |a McLEOD, John. | ||
| 245 | |a An introduction to counselling and psychotherapy |b theory, research, and practice/ |c John McLeod |g xxi, 718p. | ||
| 250 | |b 6th ed |c John McLeod | ||
| 260 | |b McGraw-Hill Education |c 2019 |h New York |i 696491-Educ. |i 696492 |l BF636.6 .M45 |m Counselling – Research. |m Psychotherapy – Research |m Title. | ||
| 500 | |a “It includes index” | ||
| 942 | |a lcc |c BK |e j. o. ifatola |f 03/ 09/ 2021 | ||
| 999 | |c 1677 |d 1677 | ||